000 00758nam a2200229 a 4500
001 000015971
003 DO-SdBNP
005 20211026115858.0
007 ta
008 100222s19UU dr 0 1 0 spa d
040 _aDO-SdBNP
_bspa
_cBNPHU
049 _aBNPD
082 4 _222
_a352.48
_bR426m
110 1 _aRepública Dominicana
_bSecretariado Técnico de la Presidencia
_932024
245 1 0 _aManual de clasificaciones presupuestarias /.
260 _aSanto Domingo :
_bOficina Nacional de Presupuesto,
_c[198?].
300 _a79 p. ;
_c21 cm.
500 _aIncluye referencias bibliográficas y notas al pie de las páginas
650 1 4 _aPresupuesto
_xClasificación
_935882
650 1 4 _aPresupuesto
_zRepública Dominicana
_97940
942 _2ddc
_cLBS1
999 _c15513
_d15513